000 00475nam a2200169Ia 4500
999 _c12188
_d12188
003 OSt
005 20201005102807.0
008 190216s9999||||xx |||||||||||||| ||und||
040 _coclc
082 _a811.5
_bGAR/A
100 _aGardner, Helen
_94802
245 4 _aThe Art Of T S Eliot /
_cHelen Gardner
260 _bFaber And Faber,
_c1949.
_aLondon:
300 _a185p
650 _aEnglish Stories
942 _cBK
_2ddc
_h811.5
_iGAR/A
_k811.5
_mGAR/A